Lettere della Tastiera in 15 Secondi - Statistics

Statistiche generali
  • Questo quiz è stato fatto 312 volte
  • Il punteggio medio è 20 su 26
Statistiche sulle risposte
Lettere % Corretto
Q
100%
W
95%
E
92%
R
91%
T
89%
Y
85%
U
84%
I
83%
O
83%
P
81%
A
77%
D
77%
S
77%
F
75%
G
75%
H
73%
J
72%
K
71%
L
70%
Z
66%
B
65%
C
65%
M
65%
N
65%
V
65%
X
65%
Nessun quiz corrispondente trovato
Distribuzione punteggi
Percentuale di utenti per punteggio
Percentile per numero di risposta
I tuoi punteggi nel tempo
Non hai fatto questo quiz